Black American health : an annotated bibliography /

Afro-Americans

Bibliographic Details
Main Author: Rice, Mitchell F.
Other Authors: Jones, Woodrow
Format: Book
Language:English
Published: New York : Greenwood Press, 1987.
Series:Bibliographies and indexes in Afro-American and African studies ; no. 17.
Subjects:

MARC

Tag First Indicator Second Indicator Subfields
LEADER 00000cam a22000008a 4500
001 in00004456439
005 20210818134935.0
008 860923s1987 nyu ab 00110 eng d
010 |a  86025745  
020 |a 0313248877 (lib. bdg. : alk. paper) 
035 |a (OCoLC)14520669 
035 |z (UtOrBLW)3627 
035 |a 5455 
040 |a DNLM/DLC  |c DLC  |d TMV  |d UtOrBLW 
043 |a n-us--- 
049 |a TMVM  |c 1 
050 0 0 |a RA448.5.N4  |b R53 1987 
060 4 |a ZWA 900 AA1  |b R497b 1987 
100 1 |a Rice, Mitchell F. 
245 1 0 |a Black American health :  |b an annotated bibliography /  |c compiled by Mitchell F. Rice and Woodrow Jones, Jr. 
264 1 |a New York :  |b Greenwood Press,  |c 1987. 
300 |a xiii, 140 pages ;  |c 25 cm. 
336 |a text  |2 rdacontent  |b txt 
337 |a unmediated  |2 rdamedia 
338 |a volume  |2 rdacarrier  |b nc 
490 1 |a Bibliographies and indexes in Afro-American and African studies,  |v no. 17 
500 |a Includes index. 
520 8 |a Afro-Americans 
650 2 |a Social Medicine. 
650 2 |a African Americans. 
650 2 |a Health. 
650 2 |a Morbidity. 
651 2 |a United States. 
655 2 |a Bibliography. 
700 1 |a Jones, Woodrow. 
830 0 |a Bibliographies and indexes in Afro-American and African studies ;  |v no. 17. 
948 |a Retain per EC; SRPH; HRT; 2002 evaluation. 
999 |a MARS 
999 f f |s 7126e37d-04ed-3de7-85e7-db5c12db1254  |i 5bc3b088-cb07-3ae4-bd25-35febaff5d2d  |t 0 
952 f f |p ric  |a Texas A&M University  |b Rellis Campus  |c Joint Library Facility  |d Remote Storage  |t 0  |e ZWA 900 AA1 R497b 1987  |h National Library of Medicine classification  |i unmediated -- volume  |m 323890026949C 
998 f f |a ZWA 900 AA1 R497b 1987  |t 0  |l Remote Storage